000 00608nam a2200217Ia 4500
005 20250508160726.0
008 008 250505s9999 xx 000 0 eng d
037 _aTextual
040 _aFEDL
_beng
_cFEDL
041 _aeng
_2eng
084 _a371, CLA
_qFEDL
100 _aClark Donald H
_9769201
245 0 _aHumanistic teaching
260 _aColumbus, USA
_bCharles E Merrill Publishing Company
_c1971
300 _aviii,175p.
490 _aStudies of the person
650 _aEducation
700 _a Kadis Asya L
_9769202
942 _cTEXL
_h371, CLA
999 _c1366249
_d1366249